Reglamentos de bienes y servicios de las entidades locales
Descripción Física:
122 p. ; 20 cm
MARC
| LEADER | 00000nam a2200000Ia 4500 | ||
|---|---|---|---|
| 001 | 14325 | ||
| 008 | 160829s1955 xx 000 0 cat d | ||
| 080 | |a M-4-201 | ||
| 245 | |a Reglamentos de bienes y servicios de las entidades locales | ||
| 250 | |a Ed. oficial | ||
| 260 | |a [Madrid] : |b Instituto de Estudios de Administración Local, |c 1955 | ||
| 300 | |a 122 p. ; |c 20 cm | ||
| 590 | |a Precedeix el títol: Ministerio de la Gobernación | ||
| 650 | |a Patrimoni dels ens locals |x Espanya |x Reglaments i procediment |9 27591 | ||
| 650 | 0 | |a Serveis municipals |z Espanya |x Dret i legislació |9 44229 | |
| 710 | 2 | |a Instituto de Estudios de Administración Local (Espanya) |9 54775 | |
| 710 | 1 | |a Espanya. |b Ministerio de la Gobernación |9 55088 | |
| 901 | |a Arxiu | ||
| 942 | |n 1 | ||
| 952 | |0 0 |1 0 |4 0 |6 M4201 |7 1 |9 44458 |a Arxiu |b Arxiu |d 2016-12-01 |l 0 |o M-4-201 |p 14325 |r 2016-12-01 00:00:00 |w 2016-12-01 |y ARXIU | ||
| 999 | |c 47039 |d 47039 | ||